A first course in statistics (Record no. 63990)

000 -LEADER
fixed length control field 00425nam a22001697a 4500
003 - CONTROL NUMBER IDENTIFIER
control field NUST - PNEC
005 - DATE AND TIME OF LATEST TRANSACTION
control field 20170116180830.0
008 - FIXED-LENGTH DATA ELEMENTS--GENERAL INFORMATION
fixed length control field 150730b xxu||||| |||| 00| 0 eng d
020 ## - INTERNATIONAL STANDARD BOOK NUMBER
International Standard Book Number 0023791225
040 ## - CATALOGING SOURCE
Transcribing agency LIBRARY
082 ## - DEWEY DECIMAL CLASSIFICATION NUMBER
Classification number 519.5 MCC
100 ## - MAIN ENTRY--PERSONAL NAME
9 (RLIN) 4559
Personal name Mcclave, James T.
245 ## - TITLE STATEMENT
Title A first course in statistics
Statement of responsibility, etc. James T. Mcclave
250 ## - EDITION STATEMENT
Edition statement 3rd ed
650 ## - SUBJECT ADDED ENTRY--TOPICAL TERM
9 (RLIN) 4560
Topical term or geographic name entry element Statistics
General subdivision MIS
942 ## - ADDED ENTRY ELEMENTS (KOHA)
Source of classification or shelving scheme
Koha item type Book
Holdings
Withdrawn status Lost status Source of classification or shelving scheme Damaged status Not for loan Permanent Location Current Location Shelving location Date acquired Total Checkouts Full call number Barcode Date last seen Price effective from Koha item type
          Pakistan Navy Engineering College (PNEC) Pakistan Navy Engineering College (PNEC)       519.5 MCC PNECLIB-016717 07/30/2015   Book
          Pakistan Navy Engineering College (PNEC) Pakistan Navy Engineering College (PNEC)       519.5 MCC PNECLIB-025752 07/30/2015   Book
          Pakistan Navy Engineering College (PNEC) Pakistan Navy Engineering College (PNEC)       519.5 MCC PNECLIB-025753 07/30/2015   Book
          Pakistan Navy Engineering College (PNEC) Pakistan Navy Engineering College (PNEC)       519.5 MCC PNECLIB-025754 07/30/2015   Book
          Pakistan Navy Engineering College (PNEC) Pakistan Navy Engineering College (PNEC)       519.5 MCC PNECLIB-025755 07/30/2015   Book
          Pakistan Navy Engineering College (PNEC) Pakistan Navy Engineering College (PNEC)       519.5 MCC PNECLIB-025756 07/30/2015   Book
          Pakistan Navy Engineering College (PNEC) Pakistan Navy Engineering College (PNEC)   07/31/2015   519.5 MCC PNECLIB-021850 07/31/2015 07/31/2015 Book
© 2023 Central Library, National University of Sciences and Technology. All Rights Reserved.